| 000 | 01974nam a2200421 c 4500 | ||
|---|---|---|---|
| 003 | BLK | ||
| 005 | 20250311142033.0 | ||
| 008 | 180408b bul|||||r ||||||| ||bul|| | ||
| 010 | _aKNG00082096000 | ||
| 020 |
_a978-84-9819-909-3 _bиздат.: Mediasat Group, S. A. |
||
| 020 |
_a978-84-9819-890-4 _bиздат.: Mediasat Group, S. A. - (серия) |
||
| 040 | _aBLK | ||
| 041 |
_aBUL _cBUL |
||
| 080 |
_aМузиканти-творци, композитори _b78.071.1 _x(45)(092) _z78.071.1(45)(092) |
||
| 080 |
_a _b929 Пучини, Джакомо _x _z929 Пучини, Джакомо |
||
| 700 | 1 |
_aВишньос, Йоана _eавт. на текста _948499 |
|
| 700 | 1 |
_aМитев, Милен Гочев _eпрев. _9298399 |
|
| 700 | 1 |
_aКаранлъков, Лъчезар Тодоров _d1943-2022 _eред. _976810 |
|
| 139 |
_aВишньос, Йоана _bП 93 |
||
| 245 | 1 | 0 |
_aДжакомо Пучини _cавт. на текста Йоана Вишньос; прев. Милен Гочев Митев; ред. Лъчезар Каранлъков. |
| 257 | _aITA | ||
| 260 |
_аСофия _bMediasat Group, S. A. _c2007 _fОтпеч. в ЕС |
||
| 300 |
_a43 с. _bс цв. ил. _c13Х14 см _eCD |
||
| 380 | _a7 | ||
| 490 | 1 |
_aШедьоври на класиката _v19 |
|
| 500 | _aКн. е с CD 1653 | ||
| 600 | 0 |
_aПучини, Джакомо _d1858 - 1924 _gОперен композитор _qПучини, Джакомо Антонио Доменико Микеле Секондо Мария _9387431 |
|
| 650 | 4 |
_aКомпозитори, италиански _9276875 |
|
| 651 | 4 |
_aИталия _9178965 |
|
| 653 | _aиталиански композитори | ||
| 653 | _aДжакомо Пучини | ||
| 852 | _aЦб І 32935 | ||
| 856 | 4 |
_qpdf _u |
|
| 856 | 4 |
_qpdf _u |
|
| 942 |
_cKNG _n0 |
||
| 944 |
_aCR _c10.03.2008 _k30560 _lГеновева Генчева |
||
| 944 |
_aED _c08.01.2018 _kИрена_Линкова |
||
| 999 |
_c77637 _d77637 |
||